[Event "British Rapidplay"]
[Site "Peterborough"]
[Date "2025.03.01"]
[Round "4.79"]
[White "Parikh, Naavya"]
[Black "Yu, Robin"]
[Result "1-0"]
[WhiteElo "1741"]
[BlackElo "1628"]
[PlyCount "125"]
[EventDate "2025.03.01"]
[EventType "swiss (rapid)"]
[EventRounds "11"]
[EventCountry "ENG"]
[SourceTitle "BritBase"]
[Source "John Saunders"]
[SourceDate "2025.03.03"]
[SourceVersion "1"]
[SourceVersionDate "2025.03.03"]
[SourceQuality "2"]

1. e4 e6 2. d4 d5 3. exd5 exd5 4. Bb5+ c6 5. Be2 Bd6 6. Nf3 Nf6 7. O-O O-O 8. Bg5 Be6 9. Re1 Nbd7 10. Nbd2 Qc7 11. Bh4 Rfe8 12. Bd3 Bg4 13. h3 Bh5 14. c3 Rxe1+ 15. Qxe1 Re8 16. Qf1 a6 17. Re1 Qb8 18. Rxe8+ Qxe8 19. Qb1 c5 20. dxc5 Bxc5 21. Ng5 Bg6 22. Bxg6 fxg6 23. Nb3 Ba7 24. Qd1 h6 25. Nf3 Qe4 26. Bg3 Nh5 27. Kh2 Nxg3 28. fxg3 Nf6 29. Nbd4 Bb8 30. Ne2 Kh7 31. Nfd4 Qe3 32. Qf1 Ne4 33. Qf3 Qxf3 34. gxf3 Nf2 35. Kg2 Nd1 36. b3 Ne3+ 37. Kf2 Nf5 38. Nxf5 gxf5 39. Ke3 Ba7+ 40. Kf4 Kg6 41. Ke5 Bb8+ 42. Kxd5 Kg5 43. f4+ Kf6 44. c4 g5 45. b4 Ke7 46. a3 g4 47. h4 h5 48. Nd4 Kf6 49. a4 Ba7 50. c5 Bb8 51. b5 axb5 52. axb5 Bc7 53. c6 bxc6+ 54. Kxc6 Bb8 55. b6 Ke7 56. Nxf5+ Kd8 57. Ng7 Bxf4 58. Nxh5 Be3 59. b7 Ba7 60. Nf6 Bb8 61. Ne4 Be5 62. h5 Ke8 63. Nd6+ 1-0

[Event "British Rapidplay"]
[Site "Peterborough"]
[Date "2025.03.01"]
[Round "4.80"]
[White "Riddoch, Alan"]
[Black "Bellano, Harry"]
[Result "0-1"]
[WhiteElo "1751"]
[BlackElo "1654"]
[PlyCount "154"]
[EventDate "2025.03.01"]
[EventType "swiss (rapid)"]
[EventRounds "11"]
[EventCountry "ENG"]
[SourceTitle "BritBase"]
[Source "John Saunders"]
[SourceDate "2025.03.03"]
[SourceVersion "1"]
[SourceVersionDate "2025.03.03"]
[SourceQuality "2"]

1. e4 e5 2. Nf3 Nc6 3. Bc4 Bc5 4. b4 Bxb4 5. c3 Ba5 6. Qb3 Qe7 7. Ba3 d6 8. O-O Nf6 9. d4 O-O 10. dxe5 Nxe5 11. Nbd2 Nxc4 12. Nxc4 Bb6 13. Nxb6 axb6 14. Rfe1 Be6 15. Qb2 c5 16. e5 dxe5 17. Rxe5 Ra6 18. Qc1 Rfa8 19. Bb2 Rxa2 20. Rxa2 Rxa2 21. Qb1 Qd6 22. h3 Nd7 23. Re1 Qd5 24. c4 Qxc4 25. Ng5 Nf8 26. Be5 Qc2 27. Bg3 Qxb1 28. Rxb1 Nd7 29. Nxe6 fxe6 30. Bc7 Ra6 31. Rb5 Kf7 32. f3 e5 33. Kf2 Ke6 34. Kg3 Kd5 35. Kg4 Kc6 36. Rb1 Kxc7 37. Kf5 Kd6 38. g4 Ra3 39. f4 Rf3 40. Rd1+ Ke7 41. Ke4 Rxf4+ 42. Ke3 Rb4 43. g5 Rb3+ 44. Ke4 Rxh3 45. Ra1 Rh4+ 46. Kf3 Rf4+ 47. Ke3 Kd6 48. Rd1+ Kc6 49. Rh1 h6 50. gxh6 gxh6 51. Rxh6+ Nf6 52. Rg6 Kd5 53. Rg7 Kc6 54. Rg6 c4 55. Rg5 Ng4+ 56. Kd2 b5 57. Rg6+ Kc5 58. Rg7 b6 59. Rc7+ Kd6 60. Rb7 Kc6 61. Rb8 Rd4+ 62. Kc3 Rd3+ 63. Kc2 Ne3+ 64. Kc1 Rd1+ 65. Kb2 Kc7 66. Re8 Re1 67. Kc3 Nd5+ 68. Kd2 Re3 69. Rh8 Rd3+ 70. Kc2 e4 71. Rh7+ Kc6 72. Rh6+ Kc5 73. Rh8 e3 74. Rc8+ Kd4 75. Rh8 Nb4+ 76. Kc1 e2 77. Kb2 Rb3+ 0-1

[Event "British Rapidplay"]
[Site "Peterborough"]
[Date "2025.03.01"]
[Round "5.1"]
[White "Maroroa Jones, Gawain C B"]
[Black "Slaby, Jerzy"]
[Result "1-0"]
[WhiteElo "2654"]
[BlackElo "2464"]
[PlyCount "75"]
[EventDate "2025.03.01"]
[EventType "swiss (rapid)"]
[EventRounds "11"]
[EventCountry "ENG"]
[SourceTitle "BritBase"]
[Source "John Saunders"]
[SourceDate "2025.03.03"]
[SourceVersion "1"]
[SourceVersionDate "2025.03.03"]
[SourceQuality "2"]

1. Nf3 d5 2. g3 Nf6 3. Bg2 c6 4. c4 Bg4 5. Ne5 Be6 6. d4 Nbd7 7. Nf3 Bf5 8. cxd5 cxd5 9. Nc3 e6 10. Nh4 Be4 11. f3 Bg6 12. O-O Be7 13. e4 Nb6 14. Nxg6 hxg6 15. Be3 Rc8 16. Bf2 O-O 17. Qe2 Bb4 18. Nd1 Nc4 19. b3 Na3 20. Ne3 dxe4 21. fxe4 Qd7 22. Nc4 Nb5 23. Ne5 Qe8 24. a4 Nc3 25. Qd3 Nd7 26. Nc4 e5 27. d5 Nc5 28. Qc2 N5xa4 29. Bh3 b5 30. Bxc8 bxc4 31. bxa4 Qxc8 32. Be1 Qc5+ 33. Kg2 Qd4 34. Rc1 Nxe4 35. Bxb4 Qxd5 36. Qxc4 Qb7 37. Bxf8 Ng5+ 38. Qc6 1-0

[Event "British Rapidplay"]
[Site "Peterborough"]
[Date "2025.03.01"]
[Round "5.2"]
[White "Gasanov, Eldar"]
[Black "Ghasi, Ameet K"]
[Result "1/2-1/2"]
[WhiteElo "2469"]
[BlackElo "2505"]
[PlyCount "79"]
[EventDate "2025.03.01"]
[EventType "swiss (rapid)"]
[EventRounds "11"]
[EventCountry "ENG"]
[SourceTitle "BritBase"]
[Source "John Saunders"]
[SourceDate "2025.03.03"]
[SourceVersion "1"]
[SourceVersionDate "2025.03.03"]
[SourceQuality "2"]

1. d4 Nf6 2. Nf3 g6 3. Bg5 Bg7 4. e3 O-O 5. Be2 d6 6. O-O Nc6 7. c4 h6 8. Bh4 g5 9. Bg3 Ne4 10. Nc3 Nxg3 11. hxg3 e6 12. Qc2 Qe7 13. d5 Nb4 14. Qd2 a5 15. a3 Na6 16. b4 e5 17. e4 f5 18. exf5 Bxf5 19. Nb5 Rae8 20. Rac1 axb4 21. axb4 Bd7 22. Bd3 Bf6 23. Rb1 g4 24. Nh2 e4 25. Rfe1 Bg5 26. Qa2 e3 27. f4 gxf3 28. Nxf3 Qg7 29. Nbd4 Kh8 30. Re2 Bf6 31. Ne6 Bxe6 32. dxe6 Qxg3 33. c5 Bg7 34. Qd5 Qg4 35. Qxb7 Nb8 36. Rxe3 Rxe6 37. Rxe6 Qxe6 38. Re1 Qg4 39. Qd5 Qxb4 40. cxd6 1/2-1/2

[Event "British Rapidplay"]
[Site "Peterborough"]
[Date "2025.03.01"]
[Round "5.3"]
[White "Badacsonyi, Stanley"]
[Black "Gormally, Daniel W"]
[Result "0-1"]
[WhiteElo "2334"]
[BlackElo "2428"]
[PlyCount "96"]
[EventDate "2025.03.01"]
[EventType "swiss (rapid)"]
[EventRounds "11"]
[EventCountry "ENG"]
[SourceTitle "BritBase"]
[Source "John Saunders"]
[SourceDate "2025.03.03"]
[SourceVersion "1"]
[SourceVersionDate "2025.03.03"]
[SourceQuality "2"]

1. d4 Nf6 2. c4 g6 3. Nc3 Bg7 4. e4 d6 5. Be2 O-O 6. Be3 Nc6 7. d5 Ne5 8. f4 Ned7 9. Nf3 e6 10. dxe6 fxe6 11. Qc2 Ng4 12. Bd2 e5 13. h3 Nh6 14. g3 exf4 15. gxf4 Nc5 16. Be3 c6 17. O-O-O Qe7 18. Ng5 Nf7 19. h4 Nxg5 20. hxg5 Bxc3 21. bxc3 Qxe4 22. Qxe4 Nxe4 23. Bd3 Bf5 24. Bxe4 Bxe4 25. Rhe1 d5 26. cxd5 cxd5 27. Kb2 b6 28. Rf1 Kf7 29. Bd4 Ke6 30. Be5 Rac8 31. Rfe1 Rc4 32. Rd4 Rfc8 33. Re3 Rxd4 34. cxd4 Rc2+ 35. Kb3 Rf2 36. Re1 Kf5 37. Rc1 Bd3 38. Rc7 Bc4+ 39. Kc3 Rxa2 40. Rf7+ Ke4 41. f5 a5 42. Bd6 b5 43. f6 b4+ 44. Bxb4 axb4+ 45. Kxb4 Kxd4 46. Rxh7 Rb2+ 47. Ka3 Rf2 48. Rg7 Kc3 0-1

[Event "British Rapidplay"]
[Site "Peterborough"]
[Date "2025.03.01"]
[Round "5.4"]
[White "Vitiugov, Nikita"]
[Black "Kanyamarala, Tarun"]
[Result "1-0"]
[WhiteElo "2668"]
[BlackElo "2389"]
[PlyCount "145"]
[EventDate "2025.03.01"]
[EventType "swiss (rapid)"]
[EventRounds "11"]
[EventCountry "ENG"]
[SourceTitle "BritBase"]
[Source "John Saunders"]
[SourceDate "2025.03.03"]
[SourceVersion "1"]
[SourceVersionDate "2025.03.03"]
[SourceQuality "2"]

1. d4 Nf6 2. c4 e6 3. Nc3 Bb4 4. Nf3 b6 5. e3 O-O 6. Bd3 d5 7. O-O dxc4 8. Bxc4 Bb7 9. a3 Bxc3 10. bxc3 c5 11. Qe2 Qc7 12. Bd3 Be4 13. Bxe4 Nxe4 14. Qd3 Qb7 15. Ne5 Nf6 16. dxc5 Nc6 17. Nxc6 Qxc6 18. cxb6 axb6 19. Rb1 Rfc8 20. c4 Ra4 21. Bb2 Rxc4 22. h3 b5 23. Rfd1 h6 24. Bd4 Ne4 25. Qe2 Rxd4 26. Rxd4 Nc3 27. Qc2 Nxb1 28. Rd8+ Rxd8 29. Qxc6 Nxa3 30. Qc5 Nc4 31. Qxb5 Rd1+ 32. Kh2 Nd6 33. Qa4 Rd2 34. Qb4 Rd1 35. e4 e5 36. f3 Rd4 37. Qb3 Kh7 38. h4 f6 39. Qe6 Kh8 40. g4 Rd2+ 41. Kg3 Rd3 42. Kf2 Rd2+ 43. Ke1 Rd4 44. g5 hxg5 45. hxg5 fxg5 46. Qxe5 Rd3 47. Qxg5 Kg8 48. Ke2 Nf7 49. Qb5 Rd8 50. f4 Nd6 51. Qd5+ Nf7 52. Qb5 Nd6 53. Qb3+ Kf8 54. Kf3 Ke7 55. Qc3 Kf8 56. Qc7 Nf7 57. Kg4 Re8 58. Qc5+ Kg8 59. Qd5 Rd8 60. Qe6 Kf8 61. Qc4 Re8 62. Qc5+ Kg8 63. e5 Nh6+ 64. Kg5 Nf7+ 65. Kg6 Nh8+ 66. Kf5 Nf7 67. Qd5 Kf8 68. Kg6 Nxe5+ 69. fxe5 Re6+ 70. Kf5 Re7 71. e6 g6+ 72. Kf6 Rf7+ 73. exf7 1-0

[Event "British Rapidplay"]
[Site "Peterborough"]
[Date "2025.03.01"]
[Round "5.5"]
[White "Han, Yichen"]
[Black "Cancedda-Dupuis, Livio"]
[Result "1-0"]
[WhiteElo "2430"]
[BlackElo "2053"]
[PlyCount "113"]
[EventDate "2025.03.01"]
[EventType "swiss (rapid)"]
[EventRounds "11"]
[EventCountry "ENG"]
[SourceTitle "BritBase"]
[Source "John Saunders"]
[SourceDate "2025.03.03"]
[SourceVersion "1"]
[SourceVersionDate "2025.03.03"]
[SourceQuality "2"]

1. c4 e5 2. Nc3 Nf6 3. Nf3 Nc6 4. e4 d6 5. d4 exd4 6. Nxd4 Nxd4 7. Qxd4 Be7 8. Be2 O-O 9. O-O Nd7 10. Nd5 Re8 11. Nxe7+ Qxe7 12. f3 Ne5 13. b3 Nc6 14. Qd2 f5 15. Bd3 Qf7 16. exf5 Bxf5 17. Bb2 Bxd3 18. Qxd3 Re7 19. Rae1 Rae8 20. Rxe7 Qxe7 21. Bc3 Qe3+ 22. Qxe3 Rxe3 23. Bd2 Re2 24. Rd1 Kf7 25. Kf1 Re6 26. Bc3 Ne7 27. Kf2 d5 28. Bb4 dxc4 29. Rd7 cxb3 30. axb3 a5 31. Ba3 Ke8 32. Rxc7 b6 33. Rb7 Nf5 34. g4 Nd4 35. Rxg7 Re2+ 36. Kg3 Re3 37. Rxh7 Rxf3+ 38. Kh4 Rxb3 39. Bd6 a4 40. Re7+ Kd8 41. Ra7 b5 42. Bc5 Nc6 43. Ra8+ Kd7 44. g5 Ne5 45. Ra6 Rb2 46. h3 Rc2 47. Bf8 Ke8 48. Bg7 Nf3+ 49. Kg4 Nxg5 50. Kxg5 Rg2+ 51. Kf6 Rh2 52. Ke6 Re2+ 53. Be5 Rd2 54. h4 Rd3 55. h5 a3 56. h6 a2 57. h7 1-0

[Event "British Rapidplay"]
[Site "Peterborough"]
[Date "2025.03.01"]
[Round "5.6"]
[White "Southcott-Moyers, Indy"]
[Black "Czopor, Maciej"]
[Result "0-1"]
[WhiteElo "2227"]
[BlackElo "2412"]
[PlyCount "96"]
[EventDate "2025.03.01"]
[EventType "swiss (rapid)"]
[EventRounds "11"]
[EventCountry "ENG"]
[SourceTitle "BritBase"]
[Source "John Saunders"]
[SourceDate "2025.03.03"]
[SourceVersion "1"]
[SourceVersionDate "2025.03.03"]
[SourceQuality "2"]

1. d4 Nf6 2. c4 g6 3. g3 Bg7 4. Bg2 O-O 5. Nc3 c5 6. Nf3 cxd4 7. Nxd4 Nc6 8. O-O Qa5 9. Nb3 Qh5 10. Nd5 d6 11. e4 Qxd1 12. Rxd1 Nxd5 13. cxd5 Ne5 14. f3 Bd7 15. Bg5 f6 16. Be3 f5 17. exf5 Bxf5 18. Nd4 Nc4 19. Nxf5 Rxf5 20. Bd4 Rxd5 21. Bxg7 Rxd1+ 22. Rxd1 Kxg7 23. b3 Ne5 24. f4 Nc6 25. Rc1 Kf6 26. Rc2 Rc8 27. b4 Rb8 28. a3 Nd4 29. Rc4 Ne6 30. Bd5 b5 31. Rc6 Rb6 32. Rc8 Ra6 33. Rc3 Nd4 34. Kf2 e6 35. Bb7 Rb6 36. Bg2 d5 37. Bf1 a6 38. Rc7 Rc6 39. Rxh7 Rc2+ 40. Ke3 Nf5+ 41. Kd3 Ra2 42. g4 Rxa3+ 43. Kd2 Ne3 44. Be2 Nc4+ 45. Kc2 Ra2+ 46. Kd3 Rd2+ 47. Kc3 d4+ 48. Kb3 Rb2# 0-1

[Event "British Rapidplay"]
[Site "Peterborough"]
[Date "2025.03.01"]
[Round "5.7"]
[White "Roberson, Peter T"]
[Black "Banerjee, Supratit"]
[Result "1/2-1/2"]
[WhiteElo "2434"]
[BlackElo "2250"]
[PlyCount "120"]
[EventDate "2025.03.01"]
[EventType "swiss (rapid)"]
[EventRounds "11"]
[EventCountry "ENG"]
[SourceTitle "BritBase"]
[Source "John Saunders"]
[SourceDate "2025.03.03"]
[SourceVersion "1"]
[SourceVersionDate "2025.03.03"]
[SourceQuality "2"]

1. e4 c6 2. d4 d5 3. exd5 cxd5 4. Bd3 Nf6 5. c3 Bg4 6. Qb3 Qc7 7. Ne2 Nc6 8. Bf4 Qd7 9. O-O e6 10. Ng3 Bd6 11. Bxd6 Qxd6 12. Qxb7 O-O 13. Qb3 h5 14. h3 h4 15. Ne2 Bxe2 16. Bxe2 Rab8 17. Qc2 Rfc8 18. Rd1 Qf4 19. Na3 Ne4 20. Bb5 Ne7 21. Qe2 Nf5 22. Bd3 Nfd6 23. Rab1 Rb6 24. Nc2 Rcb8 25. Ne1 a5 26. Nf3 a4 27. a3 Rb3 28. Ne5 R8b7 29. Nc6 R3b6 30. Nb4 g6 31. Bc2 Ra7 32. Rd3 Nc4 33. Rf3 Qd2 34. Re1 Ng5 35. Re3 Qxe2 36. R3xe2 Nxb2 37. Bxg6 Nc4 38. Bd3 Nxa3 39. Ra1 Nb5 40. Bxb5 Rxb5 41. f3 Rc7 42. Ra3 Ra5 43. Rea2 Ra8 44. Nd3 Rb8 45. Rb2 Rxb2 46. Nxb2 Nh7 47. Nd3 Nf6 48. Nc5 Nh5 49. Rxa4 e5 50. Ra8+ Kg7 51. Rd8 Nf4 52. Kf2 exd4 53. cxd4 Re7 54. Kf1 Ne2 55. Ne4 Nf4 56. Nc3 Nd3 57. Ne2 Rb7 58. Nc3 Re7 59. Ne2 Rb7 60. Nc3 Re7 1/2-1/2

[Event "British Rapidplay"]
[Site "Peterborough"]
[Date "2025.03.01"]
[Round "5.8"]
[White "Mikalajunas, Kajus"]
[Black "Martyn, Rafe"]
[Result "1/2-1/2"]
[WhiteElo "2080"]
[BlackElo "2201"]
[PlyCount "95"]
[EventDate "2025.03.01"]
[EventType "swiss (rapid)"]
[EventRounds "11"]
[EventCountry "ENG"]
[SourceTitle "BritBase"]
[Source "John Saunders"]
[SourceDate "2025.03.03"]
[SourceVersion "1"]
[SourceVersionDate "2025.03.03"]
[SourceQuality "2"]

1. Nf3 d5 2. g3 Nf6 3. Bg2 c6 4. O-O Bg4 5. d3 Nbd7 6. c4 e6 7. cxd5 exd5 8. Nc3 Bd6 9. e4 O-O 10. Re1 Ne5 11. d4 Nxf3+ 12. Bxf3 Bxf3 13. Qxf3 Nxe4 14. Nxe4 dxe4 15. Rxe4 Re8 16. Rh4 Re1+ 17. Kg2 Be7 18. Rh5 Bf6 19. Rf5 Qe7 20. d5 c5 21. d6 Qxd6 22. Bf4 Qe6 23. Rxe1 Qxe1 24. Qxb7 Re8 25. Rxc5 Bd4 26. Rc2 Bb6 27. Qc6 Re6 28. Qa4 h6 29. Rc8+ Kh7 30. Qc2+ g6 31. Qd2 Qe4+ 32. f3 Qe2+ 33. Qxe2 Rxe2+ 34. Kh3 g5 35. Bb8 Rxb2 36. g4 Rxa2 37. Be5 f6 38. Bxf6 Kg6 39. Be5 Re2 40. Bg3 Re6 41. f4 gxf4 42. Bxf4 Bd4 43. Rc4 Be3 44. Bxe3 Rxe3+ 45. Kh4 Ra3 46. Rc6+ Kg7 47. Rc7+ Kg6 48. Rc6+ 1/2-1/2

[Event "British Rapidplay"]
[Site "Peterborough"]
[Date "2025.03.01"]
[Round "5.9"]
[White "Bowcott-Terry, Finlay"]
[Black "He, Tom Junde"]
[Result "1-0"]
[WhiteElo "2202"]
[BlackElo "2053"]
[PlyCount "133"]
[EventDate "2025.03.01"]
[EventType "swiss (rapid)"]
[EventRounds "11"]
[EventCountry "ENG"]
[SourceTitle "BritBase"]
[Source "John Saunders"]
[SourceDate "2025.03.03"]
[SourceVersion "1"]
[SourceVersionDate "2025.03.03"]
[SourceQuality "2"]

1. e4 c5 2. Nf3 Nc6 3. c3 Nf6 4. e5 Nd5 5. Bc4 Nb6 6. Bb3 c4 7. Bc2 d6 8. exd6 Qxd6 9. O-O Bg4 10. Re1 Ne5 11. Rxe5 Bxf3 12. Qe1 Bc6 13. Na3 e6 14. Nb5 Qd7 15. Nd4 Bd5 16. a4 a5 17. d3 g6 18. dxc4 Nxc4 19. Re2 Bg7 20. b3 Nd6 21. Bb2 Bxd4 22. cxd4 O-O 23. Bc1 Nf5 24. Bxf5 exf5 25. Bh6 Rfe8 26. Rxe8+ Qxe8 27. Qc3 Qc6 28. Qg3 Re8 29. h4 Qb6 30. Rc1 Qxd4 31. Rc7 Qg4 32. Re7 Ra8 33. Qxg4 fxg4 34. Re3 f5 35. Rc3 b6 36. Be3 Rb8 37. Bd4 Bf7 38. Kh2 Bd5 39. Kg3 h6 40. Kf4 Re8 41. f3 gxf3 42. gxf3 Rb8 43. Ke5 Bf7 44. Rc6 Re8+ 45. Kf6 Bxb3 46. Rxb6 Bf7 47. f4 Rc8 48. Be5 Re8 49. Bc3 Rf8 50. Bxa5 Ra8 51. Bc3 Rc8 52. Be5 Ra8 53. a5 g5 54. hxg5 hxg5 55. fxg5 f4 56. Bxf4 Rxa5 57. Rb8+ Kh7 58. g6+ Bxg6 59. Rb7+ Kg8 60. Kxg6 Ra6+ 61. Kf5 Ra1 62. Bg5 Ra5+ 63. Kg6 Ra8 64. Bf6 Rf8 65. Rg7+ Kh8 66. Rh7+ Kg8 67. Rh8# 1-0

[Event "British Rapidplay"]
[Site "Peterborough"]
[Date "2025.03.01"]
[Round "5.10"]
[White "Kovchan, Alexander"]
[Black "Yu, Rock"]
[Result "1-0"]
[WhiteElo "2433"]
[BlackElo "2048"]
[PlyCount "113"]
[EventDate "2025.03.01"]
[EventType "swiss (rapid)"]
[EventRounds "11"]
[EventCountry "ENG"]
[SourceTitle "BritBase"]
[Source "John Saunders"]
[SourceDate "2025.03.03"]
[SourceVersion "1"]
[SourceVersionDate "2025.03.03"]
[SourceQuality "2"]

1. e4 c5 2. Nf3 Nf6 3. e5 Nd5 4. Nc3 e6 5. Bc4 Nb6 6. Bd3 d6 7. O-O Nc6 8. exd6 Bxd6 9. Be4 Bd7 10. d3 h6 11. Nb5 Bb8 12. Be3 a6 13. Nc3 Qe7 14. Re1 O-O 15. d4 cxd4 16. Nxd4 Nc4 17. Nxc6 Bxc6 18. Bxc6 bxc6 19. Qg4 Nxe3 20. Rxe3 Rd8 21. Rae1 a5 22. Qc4 Qc7 23. g3 Qb6 24. b3 Ba7 25. Qe2 Qb4 26. Rf3 Rd7 27. Ne4 Rad8 28. Rf4 Qxe1+ 29. Qxe1 Rd1 30. Kf1 Rxe1+ 31. Kxe1 Bd4 32. Ke2 e5 33. Rf3 Kf8 34. Nd2 Ke7 35. Nc4 Ke6 36. c3 e4 37. Rf4 f5 38. g4 Bxc3 39. Rxf5 a4 40. bxa4 Rd4 41. Nb6 Rd2+ 42. Ke3 Rxa2 43. Rc5 Bb4 44. Rxc6+ Kf7 45. Rc4 Bd6 46. h4 g5 47. h5 Bf4+ 48. Kxe4 Rxf2 49. Rc6 Rg2 50. Kf5 Re2 51. Nc4 Ra2 52. a5 Ra4 53. a6 Ke7 54. Kg6 Ra2 55. Kxh6 Kd7 56. Rf6 Ra4 57. Nb6+ 1-0

[Event "British Rapidplay"]
[Site "Peterborough"]
[Date "2025.03.01"]
[Round "5.11"]
[White "Buckley, Graeme N"]
[Black "Clarke, James"]
[Result "1-0"]
[WhiteElo "2268"]
[BlackElo "1941"]
[PlyCount "103"]
[EventDate "2025.03.01"]
[EventType "swiss (rapid)"]
[EventRounds "11"]
[EventCountry "ENG"]
[SourceTitle "BritBase"]
[Source "John Saunders"]
[SourceDate "2025.03.03"]
[SourceVersion "1"]
[SourceVersionDate "2025.03.03"]
[SourceQuality "2"]

1. e4 c5 2. Nf3 Nc6 3. Bb5 Nf6 4. Nc3 g6 5. O-O Bg7 6. e5 Nh5 7. Bxc6 dxc6 8. h3 Nf4 9. d3 Ne6 10. Ne4 O-O 11. Be3 b6 12. Qd2 Nd4 13. Nxd4 cxd4 14. Bh6 Qd5 15. Bxg7 Kxg7 16. Qf4 c5 17. b3 Bb7 18. f3 Rad8 19. Rae1 f5 20. exf6+ exf6 21. Re2 Rf7 22. Rfe1 Qd7 23. h4 Qc7 24. Qxc7 Rxc7 25. Nxc5 Bd5 26. Na6 Rf7 27. a4 Bb7 28. Nb4 Rc8 29. Rd1 Rfc7 30. Rdd2 Kf7 31. Kf2 h5 32. Ke1 g5 33. hxg5 fxg5 34. Kd1 h4 35. Re5 Rc5 36. Rde2 Rxe5 37. Rxe5 h3 38. gxh3 Bxf3+ 39. Kd2 Kf6 40. Re1 Bg2 41. Rg1 Bb7 42. Rg4 Rd8 43. c3 dxc3+ 44. Kxc3 Bc8 45. Rg3 Bf5 46. d4 a5 47. Nc6 Rh8 48. Kc4 Rc8 49. d5 Rh8 50. Nd4 Rxh3 51. Nxf5 Rh4+ 52. Nxh4 1-0

[Event "British Rapidplay"]
[Site "Peterborough"]
[Date "2025.03.01"]
[Round "5.12"]
[White "Bin-Suhayl, Ieysaa"]
[Black "Siva, Mahadevan"]
[Result "1-0"]
[WhiteElo "2219"]
[BlackElo "2369"]
[PlyCount "59"]
[EventDate "2025.03.01"]
[EventType "swiss (rapid)"]
[EventRounds "11"]
[EventCountry "ENG"]
[SourceTitle "BritBase"]
[Source "John Saunders"]
[SourceDate "2025.03.03"]
[SourceVersion "1"]
[SourceVersionDate "2025.03.03"]
[SourceQuality "2"]

1. d4 Nf6 2. c4 e6 3. Nf3 b6 4. g3 Ba6 5. Qc2 Bb7 6. Bg2 Bb4+ 7. Bd2 a5 8. O-O O-O 9. a3 Be7 10. Nc3 Na6 11. e4 d5 12. exd5 exd5 13. Ne5 c6 14. Qa4 Rc8 15. cxd5 b5 16. Qb3 a4 17. Nxa4 Nxd5 18. Nc3 Nac7 19. a4 b4 20. Nxd5 Nxd5 21. Rfc1 Qb6 22. Nd7 Qxd4 23. Nxf8 Qxd2 24. Nd7 Qd4 25. Bxd5 cxd5 26. Rxc8+ Bxc8 27. Rd1 Qa7 28. Qxd5 h6 29. Re1 Bb7 30. Rxe7 1-0

[Event "British Rapidplay"]
[Site "Peterborough"]
[Date "2025.03.01"]
[Round "5.13"]
[White "Fava, Lorenzo"]
[Black "Larchikov, Maksym"]
[Result "1/2-1/2"]
[WhiteElo "2306"]
[BlackElo "2050"]
[PlyCount "122"]
[EventDate "2025.03.01"]
[EventType "swiss (rapid)"]
[EventRounds "11"]
[EventCountry "ENG"]
[SourceTitle "BritBase"]
[Source "John Saunders"]
[SourceDate "2025.03.03"]
[SourceVersion "1"]
[SourceVersionDate "2025.03.03"]
[SourceQuality "2"]

1. d4 d5 2. Bf4 Nf6 3. e3 e6 4. Nd2 Bd6 5. Ngf3 O-O 6. c3 c5 7. Bd3 Nc6 8. Bg3 b6 9. Ne5 Bb7 10. f4 Ne7 11. Qc2 c4 12. Be2 Ne8 13. O-O f5 14. Bh4 Nf6 15. Kh1 Bc6 16. Nxc6 Nxc6 17. g4 g6 18. Rg1 Kh8 19. Rg2 Be7 20. Rag1 Nxg4 21. Bxe7 Nxe7 22. Bxg4 fxg4 23. Rxg4 Nf5 24. Nf1 Rg8 25. Qf2 Qe7 26. Nd2 b5 27. Nf3 b4 28. Ne5 bxc3 29. bxc3 Rg7 30. Qf3 Kg8 31. e4 dxe4 32. Qxe4 Qb7 33. Qxb7 Rxb7 34. h4 Ng7 35. R1g2 Rb1+ 36. Kh2 Rc8 37. Rg1 Rb2+ 38. R4g2 Rcb8 39. Nxc4 Rxg2+ 40. Rxg2 Rc8 41. Ne5 Rxc3 42. Rb2 Nf5 43. Rb8+ Kg7 44. Rb7+ Kg8 45. Rxa7 Rc2+ 46. Kh3 Rc3+ 47. Kh2 Rc2+ 48. Kg1 Nxd4 49. Ra8+ Kg7 50. Ra7+ Kg8 51. Ra8+ Kg7 52. Ra7+ Kh6 53. Ng4+ Kh5 54. Ne3 Nf3+ 55. Kf1 Nh2+ 56. Kg1 Nf3+ 57. Kf1 Nh2+ 58. Ke1 Nf3+ 59. Kf1 Nh2+ 60. Kg1 Nf3+ 61. Kf1 Nh2+ 1/2-1/2

[Event "British Rapidplay"]
[Site "Peterborough"]
[Date "2025.03.01"]
[Round "5.14"]
[White "Pritchett, Craig William"]
[Black "Vashisht-Pigem, Raman"]
[Result "1-0"]
[WhiteElo "2177"]
[BlackElo "1965"]
[PlyCount "72"]
[EventDate "2025.03.01"]
[EventType "swiss (rapid)"]
[EventRounds "11"]
[EventCountry "ENG"]
[SourceTitle "BritBase"]
[Source "John Saunders"]
[SourceDate "2025.03.03"]
[SourceVersion "1"]
[SourceVersionDate "2025.03.03"]
[SourceQuality "2"]

1. Nf3 Nf6 2. c4 e6 3. g3 b6 4. Bg2 Bb7 5. O-O Be7 6. Nc3 d5 7. cxd5 exd5 8. d4 O-O 9. Bf4 c6 10. Rc1 Nbd7 11. Re1 Re8 12. h3 Nf8 13. g4 Ne6 14. Bg3 Ne4 15. Bh2 Nxc3 16. bxc3 Bd6 17. Bxd6 Qxd6 18. e3 h6 19. Ne5 Nf8 20. c4 c5 21. cxd5 Bxd5 22. Nc4 Qe6 23. Bxd5 Qxd5 24. dxc5 Qxd1 25. Rexd1 bxc5 26. Kg2 Ne6 27. f4 Red8 28. Kf3 Kf8 29. Rxd8+ Rxd8 30. h4 Ke7 31. Rb1 Rd7 32. a4 Nc7 33. Ne5 Rd2 34. Rb7 Kd6 35. Nc4+ Kc6 36. Rxc7+ Kd5 1-0

[Event "British Rapidplay"]
[Site "Peterborough"]
[Date "2025.03.01"]
[Round "5.15"]
[White "Shearsby, Jude"]
[Black "Manley, Jonathan P"]
[Result "1-0"]
[WhiteElo "2152"]
[BlackElo "2090"]
[PlyCount "125"]
[EventDate "2025.03.01"]
[EventType "swiss (rapid)"]
[EventRounds "11"]
[EventCountry "ENG"]
[SourceTitle "BritBase"]
[Source "John Saunders"]
[SourceDate "2025.03.03"]
[SourceVersion "1"]
[SourceVersionDate "2025.03.03"]
[SourceQuality "2"]

1. e4 e5 2. Nf3 Nc6 3. Bb5 a6 4. Ba4 Nf6 5. O-O Be7 6. Re1 b5 7. Bb3 O-O 8. h3 d6 9. c3 Na5 10. Bc2 c5 11. d4 Qc7 12. Nbd2 cxd4 13. cxd4 Bd7 14. Nf1 Rfe8 15. Ng3 Nc6 16. d5 Nb4 17. Bb1 Rac8 18. Bd2 Nc2 19. Bxc2 Qxc2 20. Qxc2 Rxc2 21. Bc3 b4 22. Bxb4 Rxb2 23. Ba3 Rb7 24. Rec1 Reb8 25. Nxe5 dxe5 26. Bxe7 Ne8 27. Ba3 f6 28. Kh2 Kf7 29. Rc5 Nd6 30. Rac1 Nb5 31. Bb4 Nd4 32. Rc7 Ke8 33. a3 Nb5 34. Rxb7 Rxb7 35. f4 exf4 36. Nh5 Kf7 37. Nxf4 a5 38. Bc5 a4 39. Nd3 Nc7 40. Bb4 Na6 41. e5 fxe5 42. Nxe5+ Kg8 43. Be7 h6 44. d6 Kh7 45. Nxd7 Rxd7 46. Rc6 Ra7 47. Bh4 Nb8 48. Rc8 Nd7 49. Rc7 Rxc7 50. dxc7 Nb6 51. Bf2 Nc8 52. Kg3 Kg6 53. Kf4 Kf7 54. Ke5 Ke7 55. Kd5 Kd7 56. Bg3 Ne7+ 57. Kc5 Kc8 58. Kb5 Nf5 59. Be5 Ne3 60. g4 g6 61. Kxa4 h5 62. gxh5 gxh5 63. Kb5 1-0

[Event "British Rapidplay"]
[Site "Peterborough"]
[Date "2025.03.01"]
[Round "5.16"]
[White "Raju, Sooraj Menothuparam"]
[Black "Hughes, Roy"]
[Result "1-0"]
[WhiteElo "2154"]
[BlackElo "2004"]
[PlyCount "87"]
[EventDate "2025.03.01"]
[EventType "swiss (rapid)"]
[EventRounds "11"]
[EventCountry "ENG"]
[SourceTitle "BritBase"]
[Source "John Saunders"]
[SourceDate "2025.03.03"]
[SourceVersion "1"]
[SourceVersionDate "2025.03.03"]
[SourceQuality "2"]

1. e4 d5 2. exd5 Qxd5 3. Nc3 Qd6 4. Nf3 Nf6 5. d4 c6 6. Ne5 Nbd7 7. Nc4 Qc7 8. Qf3 Nb6 9. Bf4 Qd8 10. Be5 Nbd5 11. Nxd5 Nxd5 12. Qe4 Be6 13. O-O-O Nf6 14. Qe1 g6 15. g4 Bg7 16. g5 Nh5 17. Bxg7 Nxg7 18. Qe5 O-O 19. Ne3 Qb8 20. Qe4 Rd8 21. h4 Nh5 22. Be2 Qf4 23. Bf3 Bd5 24. Qxf4 Nxf4 25. Nxd5 Nxd5 26. h5 Kg7 27. Rh4 e6 28. Rdh1 Rh8 29. Kd2 Ne7 30. Be4 Rad8 31. Ke3 b6 32. hxg6 hxg6 33. Rxh8 Rxh8 34. Rxh8 Kxh8 35. Kf4 c5 36. dxc5 bxc5 37. Ke5 Nc8 38. Bb7 Nb6 39. b3 c4 40. Ba6 cxb3 41. axb3 Kg7 42. c4 Nd7+ 43. Kd6 Nf8 44. c5 1-0